[Event "Ufa Young Cup"]
[Site "Ufa"]
[Date "2012.10.13"]
[Round "9.5"]
[White "Mannanov, Rinat Rafikovich"]
[Black "Masagutova, Valeria"]
[Result "1-0"]
[WhiteElo "1830"]
[BlackElo "1824"]
[PlyCount "113"]
[EventDate "2012.10.09"]
[EventType "swiss"]
[EventRounds "9"]
[EventCountry "RUS"]
[SourceTitle "EXT 2022"]
[Source "ChessBase"]
[SourceDate "2021.10.06"]
[SourceVersion "1"]
[SourceVersionDate "2021.10.06"]
[SourceQuality "1"]

1. d4 d5 2. c4 e6 3. Nc3 Nf6 4. Bg5 Nbd7 5. e3 Be7 6. Nf3 0-0 7. Rc1 b6 8. cxd5 exd5 9. Bd3 Bb7 10. 0-0 c5 11. dxc5 bxc5 12. Qe2 Rc8 13. Rfd1 Qb6 14. Bf5 Rc7 15. Bf4 Bd6 16. Na4 Qc6 17. Nd4 Qxa4 18. Bxd6 Rcc8 19. Bxf8 Kxf8 20. b3 Qa5 21. Nf3 Re8 22. Qc2 h6 23. a3 Qb6 24. b4 c4 25. Nd4 Ne5 26. Qc3 Bc8 27. Bc2 Bg4 28. f3 Bh5 29. a4 Bg6 30. a5 Qb7 31. Bxg6 Nxg6 32. b5 Ne5 33. Rb1 Nd3 34. Rxd3 cxd3 35. Qxd3 Nd7 36. Nc6 Nf6 37. Qd4 a6 38. Qc5+ Kg8 39. b6 Kh7 40. Na7 Ra8 41. Rc1 Ne8 42. Kf2 h5 43. Qc6 Qb8 44. Qxd5 Rxa7 45. bxa7 Qxa7 46. Qxh5+ Kg8 47. Qc5 Qd7 48. Qd4 Qb7 49. Qc4 Nd6 50. Qc7 Qb4 51. Qc3 Qb7 52. Rc2 Qe7 53. g3 Qe6 54. Kg2 Qe7 55. Qc7 Qe6 56. Qc6 Qe7 57. Qxa6 1-0

[Event "Ufa Young Cup"]
[Site "Ufa"]
[Date "2012.10.12"]
[Round "8.8"]
[White "Masagutova, Valeria"]
[Black "Zhuravlev, Andrey"]
[Result "1-0"]
[WhiteElo "1824"]
[BlackElo "1664"]
[PlyCount "117"]
[EventDate "2012.10.09"]
[EventType "swiss"]
[EventRounds "9"]
[EventCountry "RUS"]
[SourceTitle "EXT 2022"]
[Source "ChessBase"]
[SourceDate "2021.10.06"]
[SourceVersion "1"]
[SourceVersionDate "2021.10.06"]
[SourceQuality "1"]

1. d4 d5 2. c4 e6 3. Nc3 Nf6 4. Bg5 Nbd7 5. Nf3 Be7 6. e3 0-0 7. Rc1 h6 8. Bh4 b6 9. Bd3 dxc4 10. Bxc4 c5 11. 0-0 Bb7 12. Qe2 a6 13. Rfd1 Qe8 14. a3 b5 15. Ba2 c4 16. Bb1 Nd5 17. Bg3 N7f6 18. a4 Nxc3 19. Rxc3 Bb4 20. Rcc1 Be4 21. Bxe4 Nxe4 22. Bf4 c3 23. Qc2 f5 24. Qb3 Ba5 25. axb5 cxb2 26. Qxb2 Qxb5 27. Qxb5 axb5 28. Rc6 Nc3 29. Ra1 Ne2+ 30. Kf1 Nxf4 31. exf4 Rfe8 32. Rc5 Reb8 33. d5 Bb6 34. Rxa8 Rxa8 35. Rxb5 Ra1+ 36. Ke2 Ra2+ 37. Kd3 exd5 38. Rxb6 Rxf2 39. Rd6 Rxg2 40. Rxd5 g6 41. Ke3 Ra2 42. Rd2 Ra3+ 43. Kf2 Ra4 44. Rd6 Kg7 45. Kg3 g5 46. Rd4 Ra3 47. Kg2 Ra2+ 48. Kf1 Ra1+ 49. Ke2 Ra2+ 50. Rd2 Rxd2+ 51. Nxd2 Kg6 52. Kf3 Kh5 53. Kg3 gxf4+ 54. Kxf4 Kh4 55. Kxf5 Kh3 56. Nf1 h5 57. Kg5 h4 58. Kh5 Kg2 59. Kxh4 1-0

[Event "Ufa Young Cup"]
[Site "Ufa"]
[Date "2012.10.11"]
[Round "5.9"]
[White "Masagutova, Valeria"]
[Black "Sarvaretdinova, Nursel"]
[Result "1-0"]
[WhiteElo "1824"]
[BlackElo "1786"]
[PlyCount "121"]
[EventDate "2012.10.09"]
[EventType "swiss"]
[EventRounds "9"]
[EventCountry "RUS"]
[SourceTitle "EXT 2022"]
[Source "ChessBase"]
[SourceDate "2021.10.06"]
[SourceVersion "1"]
[SourceVersionDate "2021.10.06"]
[SourceQuality "1"]

1. d4 d5 2. c4 c6 3. Nc3 Nf6 4. Bg5 Bf5 5. e3 e6 6. Nf3 Be7 7. Be2 0-0 8. 0-0 dxc4 9. Bxc4 Nbd7 10. Rc1 Rc8 11. a3 c5 12. Be2 cxd4 13. Nxd4 Bg6 14. Bf3 Qb6 15. b4 Ne5 16. Be2 Rfd8 17. Qb3 a6 18. Na4 Qa7 19. Rxc8 Rxc8 20. Nc3 h6 21. Bf4 Nc6 22. Nxe6 Bf5 23. Nc7 b5 24. N7d5 Be6 25. Nxe7+ Nxe7 26. Qb2 Ned5 27. Nxd5 Nxd5 28. Be5 f6 29. Bd4 Qd7 30. Bf3 Ne7 31. Rd1 Qc7 32. Bc5 Ng6 33. Qd4 Qe5 34. Qxe5 Nxe5 35. Bb7 Rb8 36. Bxa6 Ra8 37. Bxb5 Rxa3 38. h3 Rb3 39. Ba6 Bc4 40. Bxc4+ Nxc4 41. Rd8+ Kh7 42. Rb8 Na3 43. Bf8 Kg8 44. Bc5+ Kh7 45. e4 Rb1+ 46. Kh2 Rb2 47. Rd8 Rb3 48. Rd2 Nc4 49. Re2 Ne5 50. Rd2 Nc6 51. Rd6 Ne5 52. Rb6 Nc4 53. Rb7 Kg8 54. b5 Na5 55. Rb8+ Kh7 56. b6 Nc6 57. Rb7 Kg8 58. Rc7 Na5 59. Be3 Rb2 60. f3 Kh8 61. Bc1 1-0